[Event "4th Zaragoza Spain, Rey Ardid Memorial"]
[Site "?"]
[Date "2003.04.27"]
[Round "?"]
[White "Glavina, Pablo"]
[Black "Conquest, Stuart C"]
[WhiteElo "2435"]
[BlackElo "2556"]
[Result "1-0"]

1. d4 e6 2. c4 b6 3. Nf3 Nf6 4. g3 Ba6 5. b3 Bb7 6. Bg2 Bb4+ 7. Bd2 a5 8. O-O O-O 9. Bf4 Be7 10. Nc3 Ne4 11. Nb5 Na6 12. Ne1 d5 13. Qd3 Rc8 14. f3 Nf6 15. e4 c6 16. Nc3 c5 17. cxd5 cxd4 18. Nb5 exd5 19. e5 Nd7 20. Nxd4 Nac5 21. Qd2 Ba6 22. Rf2 Ne6 23. Nxe6 fxe6 24. Bh3 Nc5 25. Nc2 Kh8 26. Nd4 Qd7 27. a3 Rce8 28. b4 Nd3 29. b5 Nxf2 30. Bxe6 Nh3+ 31. Kh1 Qc7 32. Bxh3 Bc8 33. Rc1 Bc5 34. e6 Qe7 35. Be5 Bxd4 36. Qxd4 Bxe6 37. Bxe6 Qxe6 38. Bxg7+ Kg8 39. Bxf8 Rxf8 40. Rc3 Qe1+ 41. Kg2 Qe2+ 42. Kh3 Qe6+ 43. Qg4+ Qxg4+ 44. Kxg4 Rd8 45. a4 Kf7 46. Kf5 h5 47. Ke5 h4 48. gxh4 Rh8 49. Kxd5 Rxh4 50. Rc4 Rxh2 51. Kc6 Rh6+ 52. Kb7 Ke7 53. f4 Rf6 54. f5 

1-0

[Event "Spanish Championship Premier North"]
[Site "?"]
[Date "2005.08.12"]
[Round "?"]
[White "Glavina, Pablo"]
[Black "Peralta, Fe"]
[WhiteElo "2440"]
[BlackElo "2553"]
[Result "1-0"]

1. e4 d6 2. d4 Nf6 3. Nc3 g6 4. g3 Bg7 5. Bg2 O-O 6. Nge2 e5 7. h3 c6 8. O-O b5 9. Bg5 h6 10. Be3 Bb7 11. Qd2 exd4 12. Nxd4 b4 13. Nce2 c5 14. Nb5 Nxe4 15. Qd3 Re8 16. Rad1 Qc8 17. Nxd6 Nxd6 18. Qxd6 Bxg2 19. Kxg2 Bxb2 20. Rfe1 Qc6+ 21. Kf1 Bg7 22. Bxc5 Qh1+ 23. Ng1 Nc6 24. f3 Ne5 25. Qd5 Rac8 26. Bf2 Kh7 27. f4 Qxd5 28. Rxd5 Nc4 29. Rxe8 Rxe8 30. Bxa7 Ne3+ 31. Bxe3 Rxe3 32. Rd3 Re6 33. a3 bxa3 34. Rxa3 Rc6 35. Ra2 h5 36. h4 Bf8 37. Nf3 Rc3 38. Ng5+ Kg8 39. Kg2 Be7 40. Ne4 Rc4 41. Kf3 Kg7 42. Ke3 f5 43. Nf2 Bc5+ 44. Kd3 Rd4+ 45. Ke2 Rd6 46. Nd3 Bd4 47. Ra4 Kf6 48. Kf3 Ke6 49. Rc4 Kd5 50. Rc8 Ke6 51. Rc7 Rb6 52. Ke2 Kd6 53. Rc8 Ke7 54. Rc4 Bf6 55. Nb4 Kd6 56. Kd3 Bg7 57. c3 Bf6 58. Rc8 Ke7 59. Rg8 Rd6+ 60. Kc4 Ke6 61. Re8+ Kf7 62. Re3 Rd1 63. Nd5 Bd8 64. Kc5 Ba5 65. Re7+ Kf8 66. Ra7 Ra1 67. Rb7 Ra3 68. Kd4 Ra4+ 69. c4 Ra3 70. c5 Rxg3 71. c6 Rg1 72. Ra7 

1-0

[Event "Oviedo Rapid"]
[Site "?"]
[Date "1993.??.??"]
[Round "?"]
[White "Glavina, Pablo"]
[Black "De Firmian, Nick E"]
[WhiteElo "2405"]
[BlackElo "2545"]
[Result "1-0"]

1. d4 Nf6 2. c4 e6 3. g3 c5 4. d5 exd5 5. cxd5 d6 6. Nc3 g6 7. Nf3 Bg7 8. Bg2 O-O 9. O-O Nbd7 10. Nd2 Nh5 11. a4 f5 12. Nb5 Ne5 13. f4 Ng4 14. Nc4 Bd7 15. Nbxd6 Rb8 16. Ra3 b6 17. h3 Ngf6 18. Kh2 a6 19. e4 Nxe4 20. Nxe4 fxe4 21. Bxe4 Nf6 22. Bg2 Bf5 23. Re1 h5 24. d6 b5 25. axb5 axb5 26. Ne5 b4 27. Ra7 Qb6 28. Nc6 Rbe8 29. Qb3+ Kh7 30. Rxe8 Rxe8 31. Qf7 Rg8 32. Rb7 Qa6 33. Re7 Qa4 34. Qxf6 Qc2 35. Qe5 Qxc1 36. d7 Bxd7 37. Rxd7 Qc2 38. Nd8 h4 39. Ne6 hxg3+ 40. Kxg3 Qd3+ 41. Rxd3 Bxe5 42. fxe5 

1-0

[Event "Oviedo Rapid"]
[Site "?"]
[Date "1993.??.??"]
[Round "?"]
[White "Glavina, Pablo"]
[Black "Minasian, Artashes"]
[WhiteElo "2405"]
[BlackElo "2535"]
[Result "1-0"]

1. d4 Nf6 2. c4 c5 3. d5 g6 4. Nc3 d6 5. e4 Bg7 6. Nf3 O-O 7. h3 a6 8. Bd3 e5 9. Bg5 h6 10. Be3 Nh5 11. Qd2 Kh7 12. Ne2 b5 13. g4 bxc4 14. Bxc4 Nf6 15. Ng3 Ng8 16. Qe2 Ne7 17. Nd2 Nd7 18. h4 Rb8 19. Rb1 Nb6 20. h5 g5 21. Bxa6 Bxa6 22. Qxa6 Qd7 23. Nf5 Nxf5 24. gxf5 Na4 25. O-O Rb6 26. Qa5 Rbb8 27. Qa6 Nxb2 28. Qa3 Qb5 29. Rfc1 

1-0

[Event "Oviedo Rapid"]
[Site "?"]
[Date "1993.??.??"]
[Round "?"]
[White "Glavina, Pablo"]
[Black "Bass, Leonid"]
[WhiteElo "2405"]
[BlackElo "2500"]
[Result "1-0"]

1. d4 Nf6 2. c4 g6 3. Nc3 Bg7 4. e4 d6 5. f3 O-O 6. Be3 e5 7. d5 c6 8. Bd3 cxd5 9. cxd5 a6 10. Nge2 Nbd7 11. O-O b5 12. b4 Nh5 13. Qd2 f5 14. exf5 gxf5 15. a4 bxa4 16. Rxa4 Nb6 17. Ra3 Rb8 18. Bg5 Qe8 19. Bxa6 Bxa6 20. Rxa6 Qg6 21. Bh4 Nc4 22. Qd3 Rxb4 23. Be7 Re8 24. Na2 e4 25. fxe4 fxe4 26. Qh3 Rb2 27. Nac1 Rxe7 28. Qc8+ Re8 29. Qxc4 Be5 30. Ra2 Rxa2 31. Qxa2 Nf6 32. Nf4 Bxf4 33. Rxf4 e3 34. Ne2 Ng4 35. h3 Ne5 36. Qa4 Rf8 

1-0

[Event "Spanish Championship Division 2"]
[Site "?"]
[Date "1999.11.12"]
[Round "?"]
[White "Glavina, Pablo"]
[Black "Veingold, Aleksandr"]
[WhiteElo "2429"]
[BlackElo "2460"]
[Result "1-0"]

1. e4 c5 2. Nf3 d6 3. d4 cxd4 4. Qxd4 Nc6 5. Bb5 Bd7 6. Bxc6 Bxc6 7. Nc3 Nf6 8. Bg5 e6 9. O-O-O Be7 10. Qd3 Qa5 11. Bd2 Qc7 12. Nd4 O-O 13. f4 Rfd8 14. g4 d5 15. e5 Ne4 16. Nxe4 dxe4 17. Qc3 Qb6 18. Nxc6 bxc6 19. Rhe1 Qa6 20. a3 f5 21. exf6 Bxf6 22. Qe3 Rab8 23. Bc3 Rxd1+ 24. Kxd1 Bxc3 25. Qxc3 Qb5 26. Kc1 Rf8 27. Qe3 Rb8 28. Qd4 Qd5 29. Qxe4 Kf7 30. Qe3 c5 31. f5 exf5 32. gxf5 Qxf5 33. Qg3 Rb7 34. Qg2 Qd7 35. Rd1 Qe7 36. Qd5+ 

1-0

[Event "Zaragoza op-A"]
[Site "?"]
[Date "1995.??.??"]
[Round "?"]
[White "Glavina, Pablo"]
[Black "Todorcevic Antic, Miodrag"]
[WhiteElo "2400"]
[BlackElo "2460"]
[Result "1-0"]

1. d4 g6 2. e4 Bg7 3. c3 d6 4. Nf3 Nf6 5. Bd3 O-O 6. O-O c5 7. h3 Qc7 8. Re1 a6 9. a4 b6 10. Qe2 Nc6 11. d5 Na5 12. Nbd2 Nh5 13. Qe3 e6 14. g4 Nf6 15. b4 Nb7 16. dxe6 Bxe6 17. Rb1 d5 18. Ng5 Bd7 19. e5 Rae8 20. Qg3 Bxa4 21. Ndf3 Ne4 22. Bxe4 dxe4 23. Qh4 h6 24. Nxe4 Bc6 25. Bxh6 Bxe4 26. Rxe4 Bxh6 27. Qxh6 f5 28. exf6 Rxe4 29. Qxg6+ Kh8 30. Qxe4 Rxf6 31. Rd1 

1-0

[Event "ARG-ch"]
[Site "?"]
[Date "1988.??.??"]
[Round "?"]
[White "Glavina, Pablo"]
[Black "Tempone, Marcelo"]
[WhiteElo "2240"]
[BlackElo "2450"]
[Result "1-0"]

1. e4 e5 2. Nc3 Bc5 3. Bc4 d6 4. Nf3 Nc6 5. d3 Nf6 6. Bg5 h6 7. Bxf6 Qxf6 8. Nd5 Qd8 9. c3 a6 10. a4 O-O 11. O-O Ba7 12. b4 Ne7 13. b5 a5 14. Rb1 Bb6 15. Nxb6 cxb6 16. Qe2 Ng6 17. Qe3 Nf4 18. g3 Nh3+ 19. Kh1 Be6 20. Bxe6 fxe6 21. Kg2 Ng5 22. Nd2 Rc8 23. Rbc1 d5 24. f4 exf4 25. gxf4 Nf7 26. Nf3 dxe4 27. dxe4 Nd6 28. Nd4 Qh4 29. Kh1 e5 30. fxe5 Nc4 31. Qe2 Nxe5 32. Nf5 Qf6 33. Qh5 Kh8 34. Nxh6 Qxh6 35. Qxe5 Rce8 36. Rxf8+ Rxf8 37. Rg1 Rc8 38. Qf5 Rd8 39. e5 Qd2 40. c4 Qd3 41. Qxd3 Rxd3 42. Rg6 Rd4 43. Rxb6 Rxc4 44. e6 Rxa4 45. Rxb7 Re4 46. e7 Kg8 47. b6 Kf7 48. Ra7 

1-0

[Event "Open"]
[Site "?"]
[Date "2002.12.26"]
[Round "?"]
[White "Glavina, Pablo"]
[Black "Alonso, S"]
[WhiteElo "2417"]
[BlackElo "2445"]
[Result "1-0"]

1. d4 Nf6 2. c4 g6 3. Nc3 d5 4. cxd5 Nxd5 5. e4 Nxc3 6. bxc3 Bg7 7. Nf3 c5 8. Rb1 O-O 9. Be2 b6 10. O-O Bb7 11. Qd3 Ba6 12. Qe3 Qd7 13. dxc5 Bxe2 14. Qxe2 bxc5 15. Qc4 Qc6 16. Bg5 Nd7 17. Qd5 Qxd5 18. exd5 Rfe8 19. Rb7 Nb6 20. Rd1 Nc8 21. c4 Kf8 22. Nd2 Nd6 23. Rd7 Rab8 24. Nb3 Nxc4 25. Rxa7 Nb2 26. Re1 c4 27. Nc5 Kg8 28. Raxe7 Rxe7 29. Bxe7 Bd4 30. Nd7 Ra8 31. Bf6 Bxf6 32. Nxf6+ Kg7 33. Ne4 Nd3 34. Re2 f5 35. Ng5 Nb4 36. d6 Rxa2 37. Rxa2 Nxa2 38. d7 

1-0

[Event "Buenos Aires GP"]
[Site "?"]
[Date "1991.??.??"]
[Round "?"]
[White "Glavina, Pablo"]
[Black "Fiorito, Fabian"]
[WhiteElo "2380"]
[BlackElo "2435"]
[Result "1-0"]

1. d4 Nf6 2. c4 c5 3. d5 g6 4. Nc3 d6 5. e4 Bg7 6. Nf3 O-O 7. h3 e6 8. Bd3 Na6 9. Bg5 h6 10. Be3 Nc7 11. Qd2 Kh7 12. O-O e5 13. a3 Na6 14. Rab1 Nh5 15. b4 b6 16. Ne2 f5 17. exf5 Bxf5 18. Bxf5 gxf5 19. Ng3 Qe8 20. Qc2 e4 21. Nh4 Nxg3 22. fxg3 Qe5 23. Kh2 cxb4 24. axb4 Rac8 25. Bf4 Qe7 26. Qa4 Nb8 27. c5 bxc5 28. bxc5 Rxc5 29. Rxb8 Rxb8 30. Nxf5 Qb7 31. Bxd6 Qb5 32. Qxe4 Kh8 33. Be5 Qxf1 34. Bxg7+ Kg8 35. Qe6+ Kh7 36. Qxh6+ Kg8 37. Qg6 Qh1+ 38. Kxh1 Rc1+ 39. Kh2 Rh1+ 40. Kxh1 

1-0

[Event "Loures"]
[Site "?"]
[Date "1997.10.29"]
[Round "?"]
[White "Glavina, Pablo"]
[Black "Sanz Alonso, Francisco J"]
[WhiteElo "2395"]
[BlackElo "2425"]
[Result "1-0"]

1. d4 Nf6 2. c4 e6 3. g3 Bb4+ 4. Bd2 c5 5. Bg2 O-O 6. d5 Bxd2+ 7. Qxd2 exd5 8. cxd5 d6 9. Nc3 Bf5 10. e4 Nxe4 11. Nxe4 Bxe4 12. Bxe4 Qe7 13. Qe2 Re8 14. f3 c4 15. Kf1 Nd7 16. Re1 Qe5 17. Bxh7+ 

1-0

[Event "Spanish Championship Division 2"]
[Site "?"]
[Date "1999.11.16"]
[Round "?"]
[White "Glavina, Pablo"]
[Black "Zlotnik, Boris A"]
[WhiteElo "2429"]
[BlackElo "2408"]
[Result "1-0"]

1. d4 Nf6 2. c4 e6 3. g3 Bb4+ 4. Bd2 Be7 5. Bg2 d5 6. Nf3 O-O 7. O-O Nbd7 8. Qc2 c6 9. Bf4 b6 10. b3 Bb7 11. Nc3 Ba6 12. Rfd1 Rc8 13. e4 b5 14. e5 Nh5 15. Be3 g6 16. c5 Bb7 17. Ne2 f6 18. exf6 Bxf6 19. a4 a6 20. axb5 cxb5 21. b4 Re8 22. Ra3 Nb6 23. Nd2 Qd7 24. Nc3 Nc4 25. Nxc4 bxc4 26. Qd2 Ng7 27. Bg5 Bxg5 28. Qxg5 Rb8 29. Qe5 Nf5 30. g4 Ne7 31. Qg3 Nc6 32. b5 axb5 33. Nxb5 Ra8 34. Nd6 Rxa3 35. Qxa3 Ra8 36. Qe3 Nd8 37. Rb1 Bc6 38. g5 Ba4 39. Bh3 Bc6 40. Rb6 Qe7 41. Kg2 Bd7 42. f3 c3 43. Rb1 Nc6 44. Bg4 c2 45. Rc1 Ra2 46. h4 Ra4 47. Rxc2 Rxd4 48. Ra2 e5 49. Ra8+ Kg7 50. Bxd7 Qxd7 51. Rc8 e4 52. Rc7 Qxc7 53. Ne8+ Kg8 54. Nxc7 Rd3 55. Qf4 exf3+ 56. Kf2 Nd4 57. Nxd5 

1-0

[Event "Spanish Championship Division 1"]
[Site "?"]
[Date "2015.08.08"]
[Round "?"]
[White "Glavina, Pablo"]
[Black "Alonso Moyano, Jonathan"]
[WhiteElo "2387"]
[BlackElo "2406"]
[Result "1-0"]

1. e4 c5 2. c3 d5 3. exd5 Qxd5 4. d4 cxd4 5. cxd4 Nc6 6. Nf3 Bg4 7. Be2 e6 8. h3 Bf5 9. Nc3 Bb4 10. O-O Bxc3 11. bxc3 Nge7 12. c4 Qe4 13. Re1 Rd8 14. Ba3 Qc2 15. Qxc2 Bxc2 16. d5 exd5 17. cxd5 Rxd5 18. Rac1 Bf5 19. Ba6 bxa6 20. Rxc6 Be6 21. Rxa6 Nc8 22. Ne5 Rd2 23. f4 g6 24. Bb4 Rc2 25. a3 Rg8 26. Nxf7 Kxf7 27. Raxe6 g5 28. f5 g4 29. h4 g3 30. Rh6 Kg7 31. Rhe6 Kf7 32. Rd1 Nb6 33. Re7+ Kf6 34. Rxa7 Re8 35. Rd6+ Ke5 36. Ra5+ Kf4 37. Rd4+ Ke3 38. Rd1 Re2 39. Bc5+ Kf4 40. Rf1+ Kg4 41. Bxb6 Rb2 42. Ra4+ Kh5 43. Ra1 Ra8 

1-0

[Event "Linares Spain, CECLUB Div1Gp2"]
[Site "?"]
[Date "2013.08.23"]
[Round "?"]
[White "Glavina, Pablo"]
[Black "Paramos Dominguez, Roberto"]
[WhiteElo "2437"]
[BlackElo "2404"]
[Result "1-0"]

1. Nf3 Nf6 2. g3 g6 3. b3 Bg7 4. Bb2 O-O 5. Bg2 d6 6. d4 Bf5 7. c4 Qc8 8. h3 c5 9. Nc3 Re8 10. Qd2 Ne4 11. Nxe4 Bxe4 12. O-O cxd4 13. Bxd4 Nc6 14. Bxg7 Kxg7 15. Qe3 Bf5 16. Kh2 Qe6 17. Qxe6 Bxe6 18. Rfd1 Rab8 19. Rac1 Red8 20. Ng5 Bd7 21. Ne4 b6 22. Nc3 Rdc8 23. g4 h6 24. Kg3 a6 25. Nd5 Kf8 26. Ne3 Ke8 27. h4 Nd8 28. h5 gxh5 29. gxh5 b5 30. Bd5 e6 31. Bf3 Ke7 32. Ng4 bxc4 33. bxc4 Nc6 34. e4 Ne5 35. Nxe5 dxe5 36. Rd2 Rc5 37. Rc3 Rb4 38. Be2 Bc6 39. Bd3 Rb8 40. Kf3 Rg8 41. Ke3 Rg4 42. Rb2 Rh4 43. Rb6 a5 44. Ra6 Rxh5 45. Ra7+ Kf6 46. Rc7 Rh3+ 47. f3 Kg6 48. Rb3 f5 49. exf5+ exf5 50. Be2 Kg5 51. Rb6 f4+ 52. Kd2 e4 53. Rcxc6 Rxc6 54. Rxc6 exf3 55. Bd3 Rh2+ 56. Ke1 Rxa2 57. c5 f2+ 58. Kf1 f3 59. Bc4 Rc2 60. Bb3 Rb2 61. Bd5 Kf4 62. Rc8 Ke3 63. Re8+ Kd4 64. c6 Rc2 65. Bxf3 h5 66. Re4+ Kc5 67. Rh4 Kb6 68. Kg2 Kb5 

1-0

[Event "Spanish Championship Division 2"]
[Site "?"]
[Date "2001.08.16"]
[Round "?"]
[White "Glavina, Pablo"]
[Black "Sion Castro, Marcelino"]
[WhiteElo "2417"]
[BlackElo "2396"]
[Result "1-0"]

1. e4 c5 2. c3 Nf6 3. e5 Nd5 4. Nf3 Nc6 5. Na3 g6 6. g3 Bg7 7. Bg2 d6 8. exd6 Qxd6 9. O-O O-O 10. d4 cxd4 11. Nb5 Qc5 12. Nfxd4 e5 13. Nxc6 bxc6 14. Na3 f5 15. c4 Nb4 16. Nc2 e4 17. Nxb4 Qxb4 18. Qb3 a5 19. Rd1 Be6 20. Bf1 Rfb8 21. Qc2 a4 22. Rb1 c5 23. Rd6 Bf7 24. Bd2 Qb7 25. Bc3 Qc7 26. Rbd1 Bd4 27. R1xd4 cxd4 28. Rxd4 Rd8 29. Qd2 Qe7 30. c5 g5 31. Rd6 e3 32. Qd4 exf2+ 33. Kxf2 

1-0

[Event "French Championship"]
[Site "?"]
[Date "1999.??.??"]
[Round "?"]
[White "Glavina, Pablo"]
[Black "Roos, L"]
[WhiteElo "2421"]
[BlackElo "2388"]
[Result "1-0"]

1. e4 e6 2. d3 d5 3. Qe2 Nf6 4. Nf3 Be7 5. g3 b6 6. Bg2 a5 7. O-O c6 8. e5 Nfd7 9. h4 h6 10. h5 Na6 11. c4 Nac5 12. Nc3 Ba6 13. Rd1 Rc8 14. b3 Nf8 15. Nh2 Ncd7 16. f4 Nh7 17. Be3 O-O 18. Bf2 Kh8 19. Bh3 Qe8 20. Rac1 b5 21. Nf3 bxc4 22. dxc4 Nc5 23. Nd4 Rg8 24. Kh2 Rb8 25. Qf3 Bb7 26. Bf1 f6 27. Re1 fxe5 28. Rxe5 Bf6 29. Ree1 Ne4 30. Nxe4 dxe4 31. Qg4 Rd8 

1-0

[Event "Cerrado"]
[Site "?"]
[Date "1997.??.??"]
[Round "?"]
[White "Glavina, Pablo"]
[Black "Baron Rodriguez, Jesus"]
[WhiteElo "2380"]
[BlackElo "2380"]
[Result "1-0"]

1. e4 e5 2. Nf3 Nc6 3. Bb5 a6 4. Ba4 Nf6 5. O-O Nxe4 6. d4 b5 7. Bb3 d5 8. dxe5 Be6 9. a4 b4 10. a5 Nc5 11. Bg5 Be7 12. Bxe7 Nxe7 13. Qd4 Nxb3 14. cxb3 Rb8 15. Rc1 O-O 16. Nbd2 Qd7 17. Qc5 Rfc8 18. Nd4 Ng6 19. N2f3 Nf4 20. Qc6 Qd8 21. g3 Bd7 22. Qxa6 Nh3+ 23. Kg2 c5 24. e6 fxe6 25. Nxe6 Qe8 26. Nxc5 Rc6 27. Qd3 Rg6 28. Qxd5+ Kh8 29. Qxd7 Nf4+ 30. Kh1 Qe2 31. Nh4 Qxf2 32. Rf1 Qxc5 33. Rxf4 Rd6 34. Qf5 Rd5 35. Ng6+ hxg6 36. Rh4+ 

1-0

[Event "Barcelona Op9394"]
[Site "?"]
[Date "1993.??.??"]
[Round "?"]
[White "Glavina, Pablo"]
[Black "Pares Vives, Natalia"]
[WhiteElo "2405"]
[BlackElo "2350"]
[Result "1-0"]

1. d4 Nf6 2. c4 g6 3. Nc3 Bg7 4. e4 d6 5. f3 O-O 6. Be3 b6 7. Bd3 a6 8. Nge2 c5 9. O-O Nc6 10. Bc2 Rb8 11. a3 Qc7 12. Rc1 e6 13. Ba4 cxd4 14. Nxd4 Ne5 15. Bb3 Bb7 16. Qe2 Rbc8 17. Na4 Nfd7 18. Ba2 Rfe8 19. b4 Qb8 20. Rfd1 d5 21. cxd5 Rxc1 22. Rxc1 exd5 23. f4 Nc4 24. Bxc4 dxc4 25. e5 Nxe5 26. fxe5 Qxe5 27. Nc2 Qb5 28. Rf1 Be4 29. Ne1 Bf5 30. g4 Bd4 31. Nc3 Rxe3 32. Nxb5 axb5 33. Qf2 Re4 34. gxf5 Rg4+ 35. Ng2 gxf5 36. Rd1 Bxf2+ 37. Kxf2 Kg7 38. Rd5 c3 39. Ne3 Rh4 40. Nxf5+ Kf6 41. Nxh4 

1-0

[Event "French Championship"]
[Site "?"]
[Date "2001.02.02"]
[Round "?"]
[White "Winants, Luc"]
[Black "Glavina, Pablo"]
[WhiteElo "2515"]
[BlackElo "2414"]
[Result "0-1"]

1. d4 Nf6 2. Bg5 d5 3. e3 c5 4. Bxf6 gxf6 5. c4 cxd4 6. exd4 Nc6 7. cxd5 Qxd5 8. Nf3 Bg4 9. Be2 Bxf3 10. Bxf3 Qe6+ 11. Be2 Rd8 12. O-O Rxd4 13. Qc2 Bh6 14. Bf3 O-O 15. Nc3 Rd2 16. Qa4 Ne5 17. Bxb7 Qb6 18. Be4 e6 19. Qb3 f5 20. Bc2 Qc7 21. Qa4 Ng4 22. g3 Qc5 

0-1

[Event "Barcelona Op9394"]
[Site "?"]
[Date "1993.??.??"]
[Round "?"]
[White "Marin, Mihail"]
[Black "Glavina, Pablo"]
[WhiteElo "2515"]
[BlackElo "2405"]
[Result "0-1"]

1. d4 Nf6 2. c4 e6 3. g3 c5 4. d5 exd5 5. cxd5 d6 6. Nc3 g6 7. Bg2 Bg7 8. Nf3 O-O 9. O-O a6 10. a4 Nbd7 11. Nd2 Re8 12. Ra2 Rb8 13. a5 b5 14. axb6 Nxb6 15. b3 Ng4 16. Bb2 Bd7 17. h3 Nh6 18. Rxa6 Qc8 19. Qa1 Bxh3 20. Rxb6 Rxb6 21. Nce4 Ra6 22. Bxg7 Rxa1 23. Bxa1 Bxg2 24. Kxg2 Kf8 25. Rh1 Qf5 26. f3 Qxd5 27. Rxh6 f5 28. Rxh7 Rxe4 29. Nxe4 fxe4 30. fxe4 Qxe4+ 31. Kf2 Qf5+ 32. Kg2 Qd5+ 33. Kf2 Qxb3 34. Rh4 g5 35. Rh6 Qb1 36. Bc3 Qf5+ 37. Ke1 Ke7 38. Rh8 Kd7 39. Rg8 Qb1+ 40. Kf2 Qf5+ 41. Ke1 Kc6 42. Rg7 d5 43. Bd2 g4 44. Rg5 Qe6 45. Bf4 Kb5 46. Rg7 Kc4 47. Rc7 d4 48. Kd2 Qb6 49. Kc2 Qb3+ 50. Kd2 Qb4+ 51. Kc2 Qe1 52. Re7 Kb5 53. Re8 c4 54. Re5+ Ka4 55. Re4 Qc3+ 56. Kd1 Qb3+ 57. Kc1 d3 

0-1

[Event "4th Zaragoza Spain, Rey Ardid Memorial"]
[Site "?"]
[Date "2003.04.26"]
[Round "?"]
[White "Strikovic, Aleksa"]
[Black "Glavina, Pablo"]
[WhiteElo "2501"]
[BlackElo "2435"]
[Result "0-1"]

1. Nf3 Nf6 2. g3 g6 3. b3 Bg7 4. Bb2 d6 5. d4 c5 6. Bg2 cxd4 7. Nxd4 d5 8. O-O O-O 9. c4 dxc4 10. Na3 cxb3 11. Qxb3 Nfd7 12. Rfd1 Na6 13. Nc4 Ndc5 14. Qa3 Qe8 15. Rac1 Bd7 16. Na5 Ba4 17. Nab3 Rd8 18. h4 b6 19. h5 e5 20. Nf3 Rxd1+ 21. Rxd1 Qe6 22. Nxc5 Nxc5 23. Rc1 Bb5 24. hxg6 hxg6 25. Qxa7 Bxe2 26. Re1 Bxf3 27. Bxf3 e4 28. Bxg7 Kxg7 29. Bg2 Rd8 30. Qa3 Qe5 31. Qb4 Rd4 32. Qxb6 Nd3 33. Re2 Rb4 34. Qe3 Rb1+ 35. Kh2 Qh5+ 36. Bh3 Ne5 37. Qc3 Qxe2 38. Qxe5+ Kh7 39. Qf4 Kg8 40. Bg2 Qh5+ 41. Bh3 Rb2 42. a4 Qe2 43. Bg2 Qh5+ 44. Bh3 Qf3 45. Qxf3 exf3 46. Kg1 Ra2 47. Bd7 Ra1+ 48. Kh2 Rf1 49. g4 Rxf2+ 50. Kg3 Rd2 51. Bb5 f2 52. Kg2 Kf8 53. a5 Rd5 

0-1

[Event "Spanish Championship Division 1"]
[Site "?"]
[Date "2014.09.07"]
[Round "?"]
[White "Almagro Llamas, Pablo"]
[Black "Glavina, Pablo"]
[WhiteElo "2491"]
[BlackElo "2417"]
[Result "0-1"]

1. e4 e5 2. Nf3 Nc6 3. Bb5 a6 4. Ba4 Nf6 5. O-O Bc5 6. d3 b5 7. Bb3 d6 8. c3 O-O 9. Qe2 Rb8 10. Be3 Bxe3 11. fxe3 Ne7 12. Nh4 d5 13. Nd2 Rb6 14. exd5 Nfxd5 15. Rad1 Rh6 16. Nhf3 Bg4 17. c4 Nb4 18. Ne4 bxc4 19. Bxc4 Nbd5 20. h3 Bh5 21. g4 Bg6 22. Neg5 Qd6 23. Rfe1 Kh8 24. Ne4 Qb6 25. Nxe5 Nf4 26. Qf3 Nxh3+ 27. Kg2 Qxb2+ 28. Nf2 Nxf2 29. Nxg6+ Nxg6 30. Re2 Nxd1 

0-1

[Event "French Championship"]
[Site "?"]
[Date "1999.??.??"]
[Round "?"]
[White "Popovic, P"]
[Black "Glavina, Pablo"]
[WhiteElo "2482"]
[BlackElo "2421"]
[Result "0-1"]

1. e4 c6 2. d4 d5 3. Nd2 dxe4 4. Nxe4 Bf5 5. Ng3 Bg6 6. N1e2 e6 7. Nf4 Bd6 8. Ngh5 Kf8 9. Be2 Nd7 10. O-O Ngf6 11. Nxf6 Nxf6 12. g3 Qb6 13. c4 Bxf4 14. c5 Qd8 15. Bxf4 Qd5 16. Be5 Rd8 17. Re1 h5 18. h3 Bf5 19. Bf1 Ne8 20. Bg2 Qc4 21. Rc1 Qxa2 22. Qd2 f6 23. Bf4 Qa4 24. Ra1 Qxd4 25. Qxd4 Rxd4 26. Rxa7 g5 27. Be3 Rb4 28. Rd1 Rh7 29. Rd2 e5 30. Ra8 Rd7 31. Bf3 g4 32. hxg4 hxg4 33. Rxd7 Bxd7 34. Be2 Rxb2 35. Bd3 Ke7 36. Bg6 Ng7 37. Bh6 Bf5 38. Rg8 Bxg6 39. Rxg7+ Bf7 40. Rxg4 Bd5 41. f4 Ke6 42. fxe5 fxe5 43. Kf1 Bf3 44. Rg5 Rc2 45. Rg7 Be2+ 46. Kg1 Ba6 47. Be3 Kd5 48. Re7 Ke4 49. Bf2 Bc4 50. Kg2 Bd5 51. Rxb7 Kd3+ 52. Kf1 Rc1+ 53. Be1 Ke3 54. Rb4 Kf3 

0-1

[Event "San Fernando op"]
[Site "?"]
[Date "1991.??.??"]
[Round "?"]
[White "De La Villa Garcia, Jesus Maria"]
[Black "Glavina, Pablo"]
[WhiteElo "2475"]
[BlackElo "2380"]
[Result "0-1"]

1. e4 c6 2. Nc3 d5 3. Nf3 dxe4 4. Nxe4 Bf5 5. Ng3 Bg4 6. c3 Nf6 7. d4 e6 8. h3 Bxf3 9. Qxf3 Qd5 10. Be2 Bd6 11. O-O Nbd7 12. Qd3 c5 13. Bf3 c4 14. Bxd5 cxd3 15. Bxb7 Rb8 16. Ne4 Bc7 17. Nxf6+ gxf6 18. Be4 d2 19. Bxd2 Rxb2 20. Bc1 Rb8 21. Ba3 Nb6 22. Bc5 f5 23. Bc6+ Kd8 24. a4 a6 25. Rab1 Rg8 26. Rb3 Nc4 27. Rfb1 Rxb3 28. Rxb3 Na5 29. Rb6 Kc8 30. Rxa6 Nxc6 31. Rxc6 Kb7 32. d5 Rd8 33. Bd4 e5 34. Rxc7+ Kxc7 35. Bxe5+ Kb6 36. c4 Re8 37. Bd4+ Ka5 38. c5 Re1+ 39. Kh2 Rd1 40. Be3 Rxd5 41. Kg3 Kxa4 42. Kf4 Kb5 43. Kg5 Kc6 44. Kf6 Kd7 45. g3 Ke8 46. h4 f4 47. Bxf4 Rxc5 48. Be3 Rc6+ 49. Kg7 h5 50. Bd4 Rg6+ 51. Kh7 Ke7 52. Be3 Ke6 53. Bg5 Kf5 54. f3 Rxg5 55. hxg5 Kxg5 56. Kg7 f5 57. f4+ Kg4 58. Kg6 Kxg3 59. Kxf5 h4 60. Ke6 Kxf4 

0-1

[Event "ARG-ch"]
[Site "?"]
[Date "1989.??.??"]
[Round "?"]
[White "Najdorf, Miguel"]
[Black "Glavina, Pablo"]
[WhiteElo "2465"]
[BlackElo "2365"]
[Result "0-1"]

1. d4 Nf6 2. c4 c5 3. d5 e6 4. Nc3 exd5 5. cxd5 d6 6. e4 g6 7. Bf4 a6 8. a4 Bg7 9. Nf3 O-O 10. Be2 Bg4 11. O-O Bxf3 12. Bxf3 Qe7 13. g3 Nbd7 14. Bg2 c4 15. Re1 Nc5 16. Bf1 Nh5 17. Be3 Nxe4 18. Nxe4 Qxe4 19. Bb6 Qf5 20. Bxc4 Rac8 21. Qb3 Nf6 22. Re7 Ng4 23. Be2 Ne5 24. Rd1 Bf6 25. Rxb7 Rc2 26. Qe3 Rxb2 27. Ra7 Qc2 28. Re1 Rb3 29. Qf4 Rxb6 30. Qxf6 Qd2 31. Kf1 Qxd5 32. f3 Rb3 33. Rd1 Qc5 34. Qxd6 Qxa7 35. Qxe5 Re3 36. Qd4 Qe7 37. Bxa6 Rxf3+ 38. Kg2 Ra3 39. Bc4 Qb7+ 40. Kh3 Qc8+ 41. Kg2 Qc6+ 42. Bd5 Qxa4 43. Qd2 Ra1 

0-1

[Event "ARG-ch"]
[Site "?"]
[Date "1988.??.??"]
[Round "?"]
[White "Soppe, Guillermo"]
[Black "Glavina, Pablo"]
[WhiteElo "2435"]
[BlackElo "2240"]
[Result "0-1"]

1. d4 d5 2. c4 e6 3. Nc3 c5 4. cxd5 exd5 5. Nf3 Nc6 6. g3 Nf6 7. Bg2 Be7 8. O-O O-O 9. dxc5 Bxc5 10. Bg5 d4 11. Ne4 Be7 12. Bxf6 Bxf6 13. Qd2 Bf5 14. Nxf6+ Qxf6 15. Rad1 Rfe8 16. Rfe1 Rad8 17. Qf4 Re4 18. Qg5 Qxg5 19. Nxg5 Re5 20. Nf3 Re7 21. Nh4 Bg4 22. Bf3 Bxf3 23. Nxf3 Kf8 24. Rd2 Red7 25. Red1 Ke7 26. Kf1 f6 27. Ne1 Ne5 28. b3 Rd6 29. Nd3 Nxd3 30. Rxd3 Ke6 31. Ke1 Rd5 32. Rc1 R8d7 33. Rc8 g5 34. h3 Rd8 35. Rxd8 Rxd8 36. Rd1 Rd7 37. Rd2 Ke7 38. g4 Ke6 39. Kd1 f5 40. Rd3 f4 41. b4 Kd5 42. Ra3 b6 43. Kd2 Kc4 44. Rb3 Rd5 45. Rb1 a5 46. bxa5 Rxa5 47. Rc1+ Kd5 48. Rc2 Ra3 49. Rb2 Kc4 50. f3 b5 51. Rc2+ Rc3 52. Rb2 b4 53. Rb1 h6 54. Rb2 Kb5 55. Kd1 Re3 56. Rd2 Kc4 57. Rc2+ Rc3 58. Rb2 d3 59. exd3+ Kxd3 60. Rxb4 Ke3 61. a4 Kxf3 62. Kd2 Ra3 63. Kc2 Kg2 64. Kb2 Re3 65. a5 Re8 

0-1

[Event "Barcelona Op9394"]
[Site "?"]
[Date "1993.??.??"]
[Round "?"]
[White "Pogorelov, Ruslan"]
[Black "Glavina, Pablo"]
[WhiteElo "2415"]
[BlackElo "2405"]
[Result "0-1"]

1. Nf3 Nf6 2. c4 g6 3. Nc3 Bg7 4. e4 d6 5. d4 O-O 6. Be2 e5 7. d5 Na6 8. Be3 Ng4 9. Bg5 f6 10. Bh4 c5 11. Nd2 Nh6 12. O-O Nf7 13. a3 h5 14. f3 Bh6 15. Bf2 f5 16. Rb1 Qg5 17. Nb3 Rb8 18. Nc1 Bd7 19. Kh1 b6 20. b4 Qe7 21. Nd3 Ng5 22. Qc2 fxe4 23. fxe4 Nh7 24. bxc5 bxc5 25. Rxb8 Rxb8 26. Rb1 Nf6 27. Rxb8+ Nxb8 28. Qb2 Qd8 29. Bh4 Kf7 30. Bxf6 Kxf6 31. Nb5 Qb6 32. a4 Bf8 33. Qa1 a6 34. a5 Qb7 35. Nc3 Be7 36. Na4 Bxa4 37. Qxa4 Qb1+ 38. Qd1 Qxd1+ 39. Bxd1 Bd8 40. Ba4 Bxa5 41. Be8 Bd2 42. h4 a5 43. g3 Ke7 44. Bb5 Bc3 45. Kg2 Nd7 46. Kf3 Nb6 47. Ke2 a4 48. Nc1 a3 49. Na2 Bd4 50. Kf3 Nd7 51. Ba4 Nb8 52. Bb5 Nd7 53. Ba4 Nf6 54. Bb3 Ne8 55. Ba4 Nc7 56. g4 Na6 57. gxh5 gxh5 58. Ke2 Nb4 59. Bb3 Kd7 60. Ke1 Kc7 61. Kd2 Bf2 62. Nc3 Kd7 63. Kc1 Bxh4 64. Bd1 Be1 65. Nb5 a2 66. Kb2 h4 67. Bg4+ Ke7 68. Bc8 Kf6 69. Be6 Kg5 70. Bc8 Kf4 71. Be6 Kg3 72. Bc8 h3 

0-1